Les 99 noms d'Allah - Statistiques

Statistiques générales
  • Ce quiz a été pris 116 fois
    89 depuis la dernière actualisation
  • Le résultat moyen est 10 sur 99
Statistiques - réponses
Hint Réponse % Correct
Dieu Allah
97%
Le Souverain Al-Malik
48%
Le Très-Miséricordieux Ar-Rahim
45%
Le Tout-Miséricordieux Ar-Rahman
45%
La Paix As-Salam
38%
Le Tout Puissant Al-'Aziz
34%
Le Saint Al-Quddus
31%
Le Noble Al-Karim
24%
La Sauvegarde Al-Mu'min
24%
L'innaccessible Al-Mutakkabir
24%
L'Elevé Al-'Ali
21%
Celui qui donne et contraint Al-Jabbar
21%
Qui Pardonne Al-Ghafur
17%
Le Producteur Al-Bari
14%
Le Voyant, Celui qui voit toute chose Al-Basir
14%
Celui qui accorde la victoire Al--Fattah
14%
Qui absout beaucoup Al-Ghaffar
14%
Le Créateur Al-Khaliq
14%
Le Bon dans l'épreuve Al-Latif
14%
Celui qui façonne ses créateures Al-Musawwir
14%
Le Protecteur Al-Wali
14%
Celui qui accorde la subsistance Ar-Razzaq
14%
L'Omniscient Al-'Alim
10%
Le Bienfaiteur Al-Barr
10%
Le Vrai Al-Haqq
10%
Le Vivant Al-Hayy
10%
Celui qui rend puissant AL-Mu'izz
10%
L'Immuable Al-Qayyum
10%
La Lumière An-Nur
10%
L'Audient, Celui qui entend toute chose As-Sami'
10%
Qui peut nuir Ad-Dar
7%
Le Doux, le Très Clément Al-Adhim
7%
Le Juste Al-'Adl
7%
Celui qui étend sa générosité Al-Basit
7%
Le Guide Al-Hadi
7%
L'Arbitre Al-Hakam
7%
Le Sage Al-Hakim
7%
Le Doux, le Très Clément Al-Halim
7%
Le Louable Al-Hamid
7%
Celui qui abaisse Al-Khafid
7%
Le Très Glorieux Al-Majid
7%
L'Illustre Al-Majid
7%
Le Robuste Al-Matin
7%
L'Auteur Al-Mubdi
7%
Qui satisfait les besoins de ses créatures Al-Mughni
7%
Qui connait les comptes de tous Al-Muhsi
7%
Qui donne la mort Al-Mumit
7%
L'irrésistible Al-Qahhar
7%
Le Fort Al-Qawi
7%
Qui aime beaucoup Al-Wadud
7%
Le Très Généreux Al-Wahhab
7%
Qui existe Al-Wajid
7%
Le Tuteur Al-Wakil
7%
Le Témoin Ashahid
7%
Le Patient As-Sabur
7%
L'Eternel Seigneur As-Samad
7%
Qui ne cesse d'accueillir le repentir At-Tawwab
7%
Le Maître du Pouvoir Malik-ul-Mulk
7%
L'Apparent Adh-Dhahir
3%
L'Indulgent Al-Afuww
3%
Le Dernier, l'existence n'a pas de fin Al-Akhir
3%
Le Premier, dont l'existence n'a pas de début Al-Awwal
3%
L'Inventeur Al-Badi'
3%
Qui récussite Al-Ba'ith
3%
Le Permanent Al-Baqi
3%
Le Caché Al-Batin
3%
Le Riche par excellence Al-Ghani
3%
Le Gardien Al-Hafidh
3%
Qui règle le compte de tout le monde Al-Hasib
3%
Le Rassembleur Al-Jami
3%
L'Infiniment Grand Al-Kabir
3%
Le Bien-informé Al-Khabir
3%
Le Défenseur Al-Mani'
3%
Celui qui humilie les fiers Al-Moudhill
3%
Le Préservateur Al-Mouhaymin
3%
Qui sera après tout Al-Mu'akhir
3%
Le Restaurateur Al-Mu'id
3%
Le Vengeur Al-Muntaqim
3%
Qui a tout précédé Al-Muqaddim
3%
Qui nourrit tout le monde Al-Muqit
3%
L'Equitable Al-Muqsit
3%
Le Sublime Al-Muta'ali
3%
Qui donne la vie Al-Muyhi
3%
Celui qui retient et qui retracte Al-Qabid
3%
L'Unique Al-Wahid
3%
Le Monarque Al-Waly
3%
L'Héritier Al-Warith
3%
Le Vaste Al-Wasi'
3%
L'Utile An-Nafi'
3%
Celui qui élève Ar-Rafi'
3%
Qui agit avec droiture Ar-Rashid
3%
Le Très-Reconnaisant Ash-Shakur
3%
Détenteur de Majesté qui mérite d'être Exalté Dhul-Jalali-wal-Ikram
3%
Le Majestueux Al-Jahil
0%
Celui qui exauce les prières Al-Muqib
0%
Le Tout Puissant Al-Muqtadir
0%
Le Déterminant Al-Qadir
0%
Le Bienveillant en grâce Al-Ra'uf
0%
L'Observateur Ar-Raqib
0%
Aucun quiz correspondant
Distribution des résultats
% des personnes avec chaque résultat
Percentile par nombre de réponses
Votre historique - résultats
Vous n’avez pas pris ce quiz depuis la dernière actualisation